Bibliography of Pakistan's newspapers and journals upto 1947 (urdu) (Record no. 7107)
[ view plain ]
| 000 -LEADER | |
|---|---|
| fixed length control field | 00432 a2200133 4500 |
| 082 ## - DEWEY DECIMAL CLASSIFICATION NUMBER | |
| Classification number | 075.49101 |
| 090 ## - LOCALLY ASSIGNED LC-TYPE CALL NUMBER (OCLC); LOCAL CALL NUMBER (RLIN) | |
| -- | 3192 |
| -- | 3192 |
| 100 ## - MAIN ENTRY--PERSONAL NAME | |
| Personal name | Shahjahanpuri, Abu Suleman |
| 245 ## - TITLE STATEMENT | |
| Title | Bibliography of Pakistan's newspapers and journals upto 1947 (urdu) |
| Statement of responsibility, etc. | Abu Suleman Shahjahanpuri |
| 260 ## - PUBLICATION, DISTRIBUTION, ETC. | |
| Place of publication, distribution, etc. | Islamabad: |
| Name of publisher, distributor, etc. | Muqtidra Qomi Zuban, |
| Date of publication, distribution, etc. | 1987. |
| 300 ## - PHYSICAL DESCRIPTION | |
| Extent | 239 p. ; |
| Dimensions | 24 cm. |
| 650 ## - SUBJECT ADDED ENTRY--TOPICAL TERM | |
| Topical term or geographic name entry element | Bibliography--Pakistan--Journals |
| 942 ## - ADDED ENTRY ELEMENTS (KOHA) | |
| Koha item type | Book |
| Call number prefix | 075.49101 SHA |
| Withdrawn status | Lost status | Source of classification or shelving scheme | Damaged status | Not for loan | Permanent Location | Current Location | Shelving location | Date acquired | Source of acquisition | Cost, normal purchase price | Full call number | Barcode | Date last seen | Price effective from | Koha item type |
|---|---|---|---|---|---|---|---|---|---|---|---|---|---|---|---|
| Central Library (CL) | Central Library (CL) | First Floor - Journalism | 08/23/2002 | National Language Authority | 54.00 | 011.35 SHA | SEECS002288 | 11/14/2012 | 01/05/2017 | Book |
